Подробности
| 000 -МАРКЕР |
| контрольное поле |
01570nam0a2200289 4500 |
| 001 - ИДЕНТИФИКАТОР ЗАПИСИ |
| контрольное поле |
RU\NLR\BIBL_A\022251366 |
| 005 - ИДЕНТИФИКАТОР ВЕРСИИ |
| контрольное поле |
20260405232922.0 |
| 035 ## - ДРУГИЕ СИСТЕМНЫЕ НОМЕРА |
| Идентификатор записи |
(NLR Aleph) 022251366 |
| 100 ## - ДАННЫЕ ОБЩЕЙ ОБРАБОТКИ |
| Данные общей обработки |
20240613d1887 |||y0rusy50 ca |
| 101 0# - ЯЗЫК РЕСУРСА |
| Язык текста, звукозаписи и т.д. |
русский |
| 102 ## - СТРАНА ПУБЛИКАЦИИ ИЛИ ПРОИЗВОДСТВА |
| Страна публикации |
российская федерация |
| 105 ## - ПОЛЕ КОДИРОВАННЫХ ДАННЫХ: ТЕКСТОВЫЕ МАТЕРИАЛЫ, МОНОГРАФИЧЕСКИЕ |
| Кодированные данные о монографическом текстовом документе |
o w 000yb |
| 200 1# - ЗАГЛАВИЕ И СВЕДЕНИЯ ОБ ОТВЕТСТВЕННОСТИ |
| Основное заглавие |
Св. Нифонт, Eпископ города Констанции, на острове Кипр |
| Сведения, относящиеся к заглавию |
(память его 23-го Декабря) |
| 205 ## - СВЕДЕНИЯ ОБ ИЗДАНИИ |
| Сведения об издании |
Изд. 5-е |
| 210 ## - ПУБЛИКАЦИЯ, РАСПРОСТРАНЕНИЕ И ДР. |
| Место издания, распространения и т.д. |
Одесса |
| Имя издателя, распространителя и т. д. |
Типо-литография Е. Фесенко |
| Дата издания, распространения и т.д. |
ценз. 1887 |
| 215 ## - ФИЗИЧЕСКАЯ ХАРАКТЕРИСТИКА |
| Специфическое обозначение материала и объем |
8 с. |
| Другие сведения о физической характеристике |
ил. |
| Размеры |
22 |
| 225 1# - СЕРИЯ |
| Основное заглавие серии |
Благословение Обители Св. Пантелеимона |
| Обозначение тома |
№ 33 |
| 309 ## - ПРИМЕЧАНИЯ ОБ ОСНОВНОМ ИСТОЧНИКЕ ИНФОРМАЦИИ И ОБ ОСОБЕННОСТЯХ ПОЛИГРАФИЧЕСКОГО ОФОРМЛЕНИЯ ИЗДАНИЯ |
| Текст примечания |
Без тит. л. и обл. |
| 316 ## - ПРИМЕЧАНИЯ ОБ ОСОБЕННОСТЯХ ЭКЗЕМПЛЯРА |
| Текст примечания |
Экз. РНБ входит в конволют, приплетен к: О покаянии / сочин. покойнаго Афонскаго иеромонаха Арсения. - Одесса: Типо-литография Фесенко, ценз. 1886 |
| Организация и экземпляр, к которому относится поле |
NLR: 18.257.1.305 |
| 482 #0 - ПРИПЛЕТЕНО К |
| Встроенное поле |
001v19\rc\1249860 |
| Системный номер (АБИС) связанной записи |
5224698 |
| Место публикации |
Одесса |
| Дата публикации |
ценз. 1886 |
| Издание |
Изд. 5-е |
| Первые сведения об ответственности |
сочин. покойнаго Афонскаго иеромонаха Арсения |
| Имя издателя, распространителя и т.д. |
Типо-литография Фесенко |
| Физическая характеристика |
4 с. |
| Заглавие |
О покаянии |
| 702 #0 - ИМЯ ЛИЦА - ВТОРИЧНАЯ ОТВЕТСТВЕННОСТЬ |
| Код отношения |
Объект посвящения |
| Материалы, к которым относится поле |
rus |
| Графика поля |
Кириллица |
| Начальный элемент ввода |
Нифонт |
| Дополнения к именам, кроме дат |
епископ Кипрский |
| Даты |
4 в. |
| Идентификатор авторитетной/нормативной записи |
RU\NLR\AUTH\77106692 |
| Системный номер авторитетной/нормативной записи |
89617 |
| 852 ## - МЕСТОНАХОЖДЕНИЕ И ШИФР ХРАНЕНИЯ |
| Идентификатор организации |
NLR |
| Шифр хранения (Call Number) |
18.257.1.305(33) |
| 942 ## - ДОПОЛНИТЕЛЬНЫЕ ЭЛЕМЕНТЫ ЗАПИСИ (АБИС) |
| Тип экземпляра АБИС |
Книга |
| 980 ## - КОЛЛЕКЦИЯ |
| Название коллекции |
Национальная библиография |